| 000 | 00883nam a2200217 i 4500 | ||
|---|---|---|---|
| 001 | 180464 | ||
| 003 | ES-MaACL | ||
| 005 | 20230906221114.0 | ||
| 008 | 120606s1972 sp |||| | spa d | ||
| 080 | _a547.5(043.2) | ||
| 080 | _a543.253(043.2) | ||
| 100 | 1 |
_aEek Vancells, Luis. _9150390 |
|
| 245 | 1 | 0 |
_aEstudio sobre algunos azocompuestos ortosustituídos y sus complejos metálicos _b: comportamiento polarográfico y aplicaciones analíticas / _cpor Luis Eek Vancells. |
| 260 |
_aBarcelona : _bUniversidad de Barcelona, Secretariado de Publicaciones, Intercambio Científico y Extensión Universitaria, _c1972. |
||
| 300 |
_a23 p. : _bgrab. ; _c24 cm. |
||
| 502 | _aTesis-Universidad Barcelona (Extracto) | ||
| 650 | 4 |
_aCompuestos orgánicos. _9150306 |
|
| 650 | 4 |
_aPolarografía. _9143394 |
|
| 710 | 2 |
_aUniversidad de Barcelona. _97141 |
|
| 852 |
_aES-MaACL _jE-15362(57) |
||
| 999 |
_c180464 _d180464 |
||